00229nam a2200097Ia 4500008004100000082000800041100002200049245003900071942000600110999001500116240331s9999 xx 000 0 und d bNES aNesiah, Devanesan 0aTamil language rights in Sri Lanka cL c5843d5843